| 000 | 01189nam a2200337 i 4500 | ||
|---|---|---|---|
| 001 | 000013422 | ||
| 003 | DO-SdBNP | ||
| 005 | 20251002133638.0 | ||
| 007 | ta | ||
| 008 | 091124s1982 dr r 000 0 spa d | ||
| 040 |
_aDO-SdBNP _bspa _cBNPHU _erda |
||
| 041 | _aspa | ||
| 082 | 4 |
_a320.97293 _bG993d _222 |
|
| 100 | 1 |
_aGuzmán Fernández, Silvestre Antonio, _d1911-1982 _eautor _917126 _4aut. |
|
| 245 | 1 | 0 |
_aDiscursos presidenciales / _cAntonio Guzmán Fernández ; |
| 264 | 1 |
_aSanto Domingo, República Dominicana : _bONAP, _c1982- |
|
| 300 |
_a3 volúmenes ; _c24 cm. |
||
| 336 |
_atexto _btxt _2rdacontent |
||
| 337 |
_asin mediación _bn _2rdamedia |
||
| 338 |
_avolumen _bnc. _2rdacarrier |
||
| 490 | 1 | _aColecciones Publicaciones ONAP | |
| 490 | 1 |
_aColección estudios políticos ; _v1 |
|
| 500 | _a | ||
| 505 | _a | ||
| 590 | _aInventariado, 2019/BT | ||
| 600 | 4 |
_aGuzmán Fernández, Silvestre Antonio, _d1911-1982 _917126 |
|
| 650 | 4 |
_aDiscursos presidenciales _zRepública Dominicana _930670 |
|
| 651 | 4 |
_aRepública Dominicana _xPolítica y gobierno _y1978-1982 _9204 |
|
| 830 | 0 |
_aColección estudios políticos ; _pPublicaciones ONAP ; _n1 _930671 |
|
| 942 |
_2ddc _cLBS1 |
||
| 999 |
_c13048 _d13048 |
||